| 000 | 00794cab a2200241 4500 | ||
|---|---|---|---|
| 001 | ABS48412 | ||
| 008 | 090401t1993 xxu||||| |||| 00| 0 eng d | ||
| 035 | _a(Sirsi) u66561 | ||
| 041 | _aeng | ||
| 245 | _aListing criteria: `Historic interest` | ||
| 260 | _c1993 | ||
| 350 | _a0 | ||
| 490 |
_aConservation Bulletin _v(19) March 1993, 19-20(2) |
||
| 520 | _aDiscusses the current debate about interpretation of `historic interest` when listing buildings. Suggests that buildings should be set in context when being considered for historic interest listing. | ||
| 650 | _aENGLISH HERITAGE | ||
| 650 | _aHISTORIC BUILDINGS | ||
| 650 | _aLISTED BUILDINGS | ||
| 650 | _aLISTING | ||
| 690 | _aCONSERVATION | ||
| 690 | _aPLANNING LAW AND PRACTICE | ||
| 942 | _n0 | ||
| 948 | _c04/03/1997 | ||
| 999 |
_c41582 _d41582 |
||